Southville International School and Colleges
Your cart is empty.
  • Cart
  • Lists
    Public lists Eva Luna New books Lux_list list_1
    Your lists Log in to create your own lists
  • Log in to your account
  • Your cookies
  • Search history
Southville International School and Colleges
  • Advanced search
  • Recent comments
  • Most popular
  • Libraries

Log in to your account

Log in with GOOGLE


If you do not have an external account, but do have a local account, you can still log in:

  1. Home
  2. MARC view: The autism matrix /
Normal view MARC view ISBD view

The autism matrix / (Record no. 24182)

[ view plain ]
MARC details
000 -LEADER
fixed length control field 00629nam a2200241 a 4500
005 - DATE AND TIME OF LATEST TRANSACTION
control field 20140310183511.0
008 - FIXED-LENGTH DATA ELEMENTS--GENERAL INFORMATION
fixed length control field 101013s19uu xx 00 eng d
020 ## - INTERNATIONAL STANDARD BOOK NUMBER
International Standard Book Number 9780745644004
050 ## - LIBRARY OF CONGRESS CALL NUMBER
Classification number RJ 506.A9
Item number .Au97 2010
245 ## - TITLE STATEMENT
Title The autism matrix /
260 ## - PUBLICATION, DISTRIBUTION, ETC. (IMPRINT)
Place of publication, distribution, etc USA :
Name of publisher, distributor, etc Polity Press,
Date of publication, distribution, etc 2010.
300 ## - PHYSICAL DESCRIPTION
Extent 312 p. :
Other physical details ill. ;
Dimensions 24 cm.
521 ## - TARGET AUDIENCE NOTE
Target audience note
650 ## - SUBJECT ADDED ENTRY--TOPICAL TERM
Topical term or geographic name as entry element Autism in children-care.
650 ## - SUBJECT ADDED ENTRY--TOPICAL TERM
Topical term or geographic name as entry element Autism in children-treatment
700 ## - ADDED ENTRY--PERSONAL NAME
Personal name Eyal, Gil
700 ## - ADDED ENTRY--PERSONAL NAME
Personal name Hart, Brendan
700 ## - ADDED ENTRY--PERSONAL NAME
Personal name Onculer, Emine
700 ## - ADDED ENTRY--PERSONAL NAME
Personal name Oren, Neta
700 ## - ADDED ENTRY--PERSONAL NAME
Personal name Rossi, Natasha
942 ## - ADDED ENTRY ELEMENTS (KOHA)
Koha item type Books
Source of classification or shelving scheme Library of Congress Classification
Call number prefix Foreign
Holdings
Withdrawn status Lost status Source of classification or shelving scheme Damaged status Home library Current library Shelving location Date acquired Source of acquisition Cost, normal purchase price Total Checkouts Full call number Barcode Date last seen Copy number Price effective from Koha item type
    Library of Congress Classification   College Library College Library General Circulation Section 10/13/2010 Donation 1622.00   RJ 506.A9 .Au97 2010 C11572 05/15/2018 1 10/18/2013 Books

The autism matrix /

APA

Eyal G., Hart B., Onculer E., Oren N. & Rossi N. (2010). The autism matrix. USA: Polity Press.

Chicago

Eyal Gil, Hart Brendan, Onculer Emine, Oren Neta and Rossi Natasha. 2010. The autism matrix. USA: Polity Press.

Harvard

Eyal G., Hart B., Onculer E., Oren N. and Rossi N. (2010). The autism matrix. USA: Polity Press.

MLA

Eyal Gil, Hart Brendan, Onculer Emine, Oren Neta and Rossi Natasha. The autism matrix. USA: Polity Press. 2010.

  • Place hold
  • Print
  • Cite
  • Add to your cart (remove)
  • Save record
    BIBTEX Dublin Core MARCXML MARC (non-Unicode/MARC-8) MARC (Unicode/UTF-8) MARC (Unicode/UTF-8, Standard) MODS (XML) RIS
  • More searches
    Search for this title in:
    Other Libraries (WorldCat) Other Databases (Google Scholar) Online Stores (Bookfinder.com) Open Library (openlibrary.org)

Exporting to Dublin Core...

SOUTHVILLE LIBRARY

Southville International School and Colleges Library

1281 Tropical Ave. Cor. Luxembourg St., BF Homes International, Las Pinas City

Tel. No. 8256374 / 252358 Loc. 117/146

Powered by Koha